| 000 | 05946nam a22004573i 4500 | ||
|---|---|---|---|
| 001 | EBC7134156 | ||
| 003 | MiAaPQ | ||
| 005 | 20260416173614.0 | ||
| 007 | cr cnu|||||||| | ||
| 008 | 260416s1996 xx o ||||0 ger d | ||
| 020 |
_a9783990406847 _q(electronic bk.) |
||
| 020 | _z9783222150920 | ||
| 040 |
_aMiAaPQ _beng _cMiAaPQ |
||
| 100 | 1 |
_aHamann, Brigitte. _969055 |
|
| 245 | 1 | 0 |
_aHitlers Wien : _bLehrjahre Eines Diktators. |
| 250 | _a1st ed. | ||
| 264 | 1 |
_aWien : _bVerlagsgruppe Styria GmbH & Co KG, _c1996. |
|
| 264 | 4 | _c©1996. | |
| 300 | _a1 online resource (557 pages) | ||
| 336 |
_aText _btxt _2rdacontent |
||
| 337 |
_aComputermedien _bc _2rdamedia |
||
| 338 |
_aOnline Resource _bcr _2rdacarrier |
||
| 341 | 0 |
_bNo reading system accessibility options actively disabled _2onix |
|
| 500 | _aE-Book-ProQuest / Fernzugriff nach Registrierung möglich | ||
| 505 | 0 | _aIntro -- Titel -- Inhalt -- »Unter der Schule der härtesten Wirklichkeit« -- Vorwort von Oliver Rathkolb -- Vorwort zur ersten Ausgabe -- 1 Aus der Provinz in die Hauptstadt -- Der Traum von Linz -- Komplizierte Familienverhältnisse -- Hitler als Volksschüler in Leonding -- Die Geschichte mit dem Ziegenbock -- Politik in der Schule -- Juden und Tschechen in Linz -- Der Tod des Vaters -- Linzer Parteienkämpfe -- Begeisterung für Schiller und Wagner -- Zum ersten Mal in Wien -- Die erste Akademieprüfung -- Der Tod der Mutter -- Letzte Wochen in Linz -- Hitlers Vorfahren im Waldviertel -- Im Labyrinth trüber Quellen Teil 1: August Kubizek und Franz Jetzinger -- Jetzinger versus Kubizek -- 2 Das Wien der Moderne -- Die k.k. Hofoper nach der Ära Mahler -- Begeisterung für die Ringstraßenarchitektur -- »Verkrüppeltes Gekleckse« - Abscheu vor der modernen Kunst -- Unverständnis für moderne Literatur -- Die »jüdische Moderne« -- Eine Kröte ist ein entarteter Frosch -- 3 Die »undeutsche« Haupt- und Residenzstadt -- Die Metropole des Vielvölkerreichs -- Der Kaiser -- Der »zerlumpte Habsburgerstaat»: Hitlers Blick auf die Monarchie -- Märztage und Heldenplatz -- 4 Nationalitätenstreit im Reichsrat -- Der k. k. Reichsrat ab 1907 -- Hitler als Zuschauer im Parlament -- Die Schönerianer und das Volksparlament -- Am Beispiel der Roma und Sinti -- 5 Die Kluft zwischen Arm und Reich -- Trennung von August Kubizek -- Die Felberstraße und das Rätsel Café Kubata -- Die große Teuerung -- Wohnungsnot -- Der Müßiggänger sieht sich zur Arbeit gezwungen -- Wiener Armenfürsorge -- Proletarierquartiere -- Wachsender Fremdenhass -- Das Meidlinger Obdachlosenasyl -- 6 Als Kunstmaler im Männerheim -- Die Musteranstalt -- Kunst, die dem Brot nachgeht: die Bilderproduktion -- Diskussionen im Leseraum -- Gemeinschaftliche Unternehmungen -- Streit mit Hanisch. | |
| 505 | 8 | _a»Demonstration der Verzweiflung« -- Das antisemitische Klischee: die jüdischen Arbeiterführer -- Hitlers Meinung über die Arbeiter -- Im Labyrinth trüber Quellen, Teil 2: die Berichte zur Männerheimzeit -- Die Berichte und Aussagen von Reinhold Hanisch -- Otto Schatzker belastet Reinhold Hanisch -- Der »Brünner Anonymus« -- Das Honisch-Protokoll -- Der Reisebegleiter nach München: Rudolf Häusler -- Der dubiose Herr Greiner -- Hitler-»Legenden« -- 7 Rassentheoretiker und Welterklärer -- Hitler und Guido von List -- Nazi-Fantasy: der Gralssucher Hitler -- Der Glaube an die Auserwähltheit -- Hans Goldzier -- Hanns Hörbiger und die Welteislehre -- Otto Weininger -- Arthur Trebitsch -- 8 Der Führer und der Volkstribun: die politischen Leitbilder -- Georg Schönerer - der Führer -- Der Grundpfeiler: Rassenantisemitismus -- Los von Rom -- Franz Stein und die alldeutsche Arbeiterbewegung -- Karl Lueger - der Volkstribun -- Wien wird zur modernen Metropole -- Ein »Wiener vom Grund« -- Luegers Antisemitismus -- Die Kirche als Wahlhelfer -- Das richtige Parteibuch -- Die Germanisierung Wiens -- Luegers Tod -- 9 Repressionen gegen die tschechische Minderheit -- Einwandererwelle um 1900 -- Der Kampf um die Komensky-Schulen -- Hitler über die Tschechen -- 10 Der Judenhass in Wien -- Der Judenhass hat Tradition -- Der neue Antisemitismus -- Massenwanderung der Ostjuden -- Ein Akt der Notwehr: der Zionismus -- War der junge Hitler Antisemit? -- Beim »Bund der Antisemiten« -- Das verleugnete Jahr -- Ein »arisiertes« Aquarell? -- Hitlers Kontakte zu jüdischen Wiener Geschäftsleuten -- Zu Besuch bei Familie Jahoda -- Opfer des Holocausts: das Ehepaar Morgenstern -- 11 Der junge Hitler und die Frauen -- Hemmungen und Fluchten -- Doppelte Moral -- Keusch für das deutsche Volk -- Hitler 1 und Hitler 2: die Diskussion um Hitlers angebliche Homosexualität. | |
| 505 | 8 | _aKult der deutschen Mutter -- 12 Vor dem großen Krieg -- Das letzte Männerheimjahr -- Karl May in Wien -- Pazifismus und Aufrüstung -- Hitler als Flugpionier? -- Die versuchte Stellungsflucht -- Rudolf Häusler - Hitler hat wieder einen Freund -- Zwei Stunden sprach der »Führer« -- Anmerkungen -- Archivverzeichnis -- Abkürzungsverzeichnis -- Ausgewählte Literatur -- Bildnachweis -- Personenregister -- Impressum. | |
| 520 | _aAdolf Hitler, so hat Brigitte Hamann nachgewiesen, ist ohne Wien nicht denkbar.Es ist die Erfahrung der habsburgischen Metropole, die das Denken des Diktators zutiefst prägte. | ||
| 653 | _aAntisemitism | ||
| 655 |
_aFernzugriff _9230 |
||
| 655 | 4 | _aElectronic books. | |
| 650 | 0 |
_zAustria. _7Generated by AI. _940573 |
|
| 651 | 0 |
_aVienna (Austria) _7Generated by AI. _969056 |
|
| 700 | 1 |
_aRathkolb, Oliver. _912541 |
|
| 700 | 1 |
_aSachslehner, Johannes. _956660 |
|
| 776 | 0 | 8 |
_iPrint version: _aHamann, Brigitte _tHitlers Wien _dWien : Verlagsgruppe Styria GmbH & Co KG,c1996 _z9783222150920 |
| 856 | 4 | 0 |
_uhttps://ebookcentral.proquest.com/lib/maxweberstiftung-ebooks/detail.action?docID=7134156 _zVolltext |
| 942 | _cEB | ||
| 999 |
_c74084 _d74084 |
||